| 000 | 00483nam a22001817a 4500 | ||
|---|---|---|---|
| 005 | 20251108171942.0 | ||
| 008 | 250721s2002 xx 000 0 ara d | ||
| 082 | 1 | 4 | _a641.1/عكي |
| 100 | 1 | _aالعكيدي، حسن خالد | |
| 245 | 1 | 0 | _aموسوعة غذاؤنا: الحبوب قوت الشعوب / |
| 264 | 1 |
_aعمان : _c2002. |
|
| 300 | _a86ص | ||
| 650 | 1 | 7 | _aالتغذية |
| 650 | 1 | 7 | _aالحبوب |
| 650 | 1 | 7 | _aالصحة |
| 942 |
_2ddc _cBK |
||
| 999 |
_c66736 _d66736 |
||